| 000 | 01257nam a2200169Ia 4500 | ||
|---|---|---|---|
| 003 | GCL | ||
| 008 | 140319s9999 xx 000 0 ara d | ||
| 040 |
_aGCL / _cGCL |
||
| 082 | 0 | 4 |
_aط _b813.02 _bم ق |
| 245 | 1 | 0 | _aقصص للتلوين \ ج1 الثعلب ومالك الحزين-ج2 الغراب والثعبان الشرير-ج3 السلحفاة الثرثارة-ج4 النورس الماكر-ج5 القرد والسحلفاة الغيورة - ج6 الاسد والارنب الشجاع-ج7 سباق السلحفاة والارنب-ج8 الحمامة المطوقة-ج9مسعد وسعيد-ج10حسان والهدهدان-ج11 القط والفار الذكى-ج12 التاجر وابن عرس-ج13 مغامرات الاصدقاء-ج14 البطة والارنب المغفل-ج15 الاخوان والحية-ج16 الثعالب والطبل الاجوف-ج17 الاسد والضبع والحمار-ج18 الامين وخائن الامانة-ج19 الجمل واصدقاء السوء-ج20 الاسد والثعلب الزاهد |
| 260 |
_aالرياض : _bمكتبة العبيكان |
||
| 300 |
_aج 20 ؛ _c24 سم |
||
| 490 |
_aقصص للتلوين _v0 |
||
| 650 | 0 | 4 | _aقصص الاطفال |
| 650 | 0 | 4 | _aالتلوين - تعليم |
| 942 |
_2ddc _cBK |
||
| 999 |
_c7146 _d7146 |
||